Zack galaxy : (Registro nro. 13329)

Detalles MARC
000 -LIDER
fixed length control field 00836nam a22002417a 4500
003 - IDENTIFICACDOR DE NÚMERO DE CONTROL
control field DO-SdBNP
005 - DATE AND TIME OF LATEST TRANSACTION
control field 20240903122942.0
008 - ELEMENTOS DE LONGITUD FIJA
fixed length control field 180222b2004 mx || 00| 0 spa d
020 ## - ISBN
International Standard Book Number 9681910117
040 ## - FUENTE DE CATALOGACIÓN
Agencia que crea de manera original el registro BPMSU
Idioma de catalogación spa
Agencia que realiza la transcripción BPMSU
082 #4 - NÚMERO DE CLASIFICACIÓN DECIMAL DE DEWEY
Edition number 22
Classification number 863.6
Item number S572u 2004
100 1# - ASIENTO PRINCIPAL -- NOMBRE PERSONAL
Nombre personal Sierra i Fabra, Jordi,
Fechas asociadas con el nombre 1947-
9 (RLIN) 48
245 10 - MENCIÓN DE TITULO
Título Zack galaxy :
Subtítulo (una aventura intergaláctica) /
Mención de responsabilidad Jordi Sierra i Fabra ; ilustraciones de Azpiri.
260 ## - PUBLICACIÓN, DISTRIBUCIÓN, ETC. (PIE DE IMPRENTA)
Lugar de publicación, distribución, etc México :
Nombre del editor, distribuidor, etc. Santillana Ediciones Generales,
Fecha de publicación, distribución, etc 2004
300 ## - DESCRIPCIÓN FÍSICA
Extensión 165 p. :
Otros detalles físicos il ;
Dimensiones 21 cm
490 0# - MENCIÓN DE SERIES
Mención de serie Alfaguara. Juvenil
500 ## - NOTA GENERAL
Nota general Incluye datos biográficos del autor en la contracubierta
590 ## - NOTA LOCAL
Texto de la nota local Inventariado, 2024/VM
650 #4 - ENCABEZAMIENTO DE MATERIA--TEMÁTICO
Término temático o nombre geográfico como elemento de entrada Galaxias
Subdivisión de forma Novela juvenil
700 1# - ASIENTO SECUNDARIO -- NOMBRE PERSONAL
Nombre personal Higueras Díez, Marta,
Mención de responsabilidad editor
910 ## - VALIDACIÓN
Validación VMateo V. Control de calidad BPMSU
942 ## - ADDED ENTRY ELEMENTS (KOHA)
Source of classification or shelving scheme Dewey Decimal Classification
Koha item type Libros
Existencias
Withdrawn status Lost status Source of classification or shelving scheme Damaged status Not for loan Collection code Home library Current library Date acquired Source of acquisition Total Checkouts Full call number Barcode Date last seen Price effective from Koha item type Copy number
    Dewey Decimal Classification     Colección Juvenil General Biblioteca Pública Metropolitana Salomé Ureña Biblioteca Pública Metropolitana Salomé Ureña 02/22/2018 Santillana Ediciones Generales   BPMSU CJG 863.6 S572u 2004 BPMSU18020233 02/22/2018 02/22/2018 Libros  
    Dewey Decimal Classification     Colección Infantil General Biblioteca Pública Metropolitana Salomé Ureña Biblioteca Pública Metropolitana Salomé Ureña 02/22/2018 Donado     BPMSU18020234 02/22/2018 02/22/2018 Libros e. 2
    Dewey Decimal Classification     Colección Infantil General Biblioteca Pública Metropolitana Salomé Ureña Biblioteca Pública Metropolitana Salomé Ureña 02/22/2018 Donado     BPMSU18020235 02/22/2018 02/22/2018 Libros e.3